Základní principy efektivního geomarketingu aneb přesně známá adresa

Geografické informačné systémy (GIS) a ich využitie v geomarketingu. Neadresný a adresný direct marketing. Využitie neadresného direct marketingu v regiónoch. Vymedzenie zákazníckeho profilu územia. Zákaznícke zacielenie v adresnom direct marketingu. Využitie neadresného direct marketingu v regiónoc...

Celý popis

Uložené v:
Podrobná bibliografia
Hlavný autor: Senohrábek, Jan
Médium: Kapitola
Jazyk:Czech
Predmet:
Tagy: Pridať tag
Žiadne tagy, Buďte prvý, kto otaguje tento záznam!

MARC

LEADER 00000naa$a2200000$$$4500
001 0027739
005 20231016104519.0
041 0 |a cze 
044 |a CZ 
245 1 0 |a Základní principy efektivního geomarketingu aneb přesně známá adresa  |c Jan Senohrábek 
520 |a Geografické informačné systémy (GIS) a ich využitie v geomarketingu. Neadresný a adresný direct marketing. Využitie neadresného direct marketingu v regiónoch. Vymedzenie zákazníckeho profilu územia. Zákaznícke zacielenie v adresnom direct marketingu. Využitie neadresného direct marketingu v regiónoch s vyššou hustotou obyvateľstva. 
610 2 0 |a marketing priamy 
610 2 0 |a marketing územia 
610 2 0 |a regióny 
610 2 0 |a spotrebitelia 
610 2 0 |a hustota obyvateľstva 
610 2 0 |a reklama 
610 2 0 |a firmy 
610 2 0 |a hypermarkety 
610 2 0 |a Česko 
100 1 |a Senohrábek, Jan